Nomeie todos os países alpinos - Sudden Death - Países - Alpes - Statistics

Estatísticas Gerais
  • Esse quiz foi jogado 95 vezes
  • A pontuação média é 4 de 8
Answers on the Grid
Answers color-coded by a green-red scale on the quiz's grid according to % correct below.
República Checa
Itália
Mónaco
São Marino
Alemanha
Andorra
Eslováquia
França
Áustria
Liechtenstein
Romênia
Croácia
Eslovénia
Suíça
 
Estatísticas das Respostas
Resposta % Correto
Suíça
82%
Áustria
59%
França
59%
Itália
55%
Liechtenstein
41%
Alemanha
27%
Eslovénia
27%
Mónaco
27%
Nenhum quiz correspondente encontrado
Distribuição das Pontuações
Porcentagem de Pessoas com Cada Pontuação
Percentil de Números Respondidos
Sua Pontuação Histórica
Você não jogou esse quiz